00978nam a22002897a 4500003000500000005001700005008004100022010001000063011001000073035001100083040000900094082001700103100003900120245008400159260011000243300002000353490003900373650003800412650003600450650004000486650002700526650002300553650002300576650002600599650002400625830003900649CHAP20220329143453.0091126s1988 mx a r 00010 spa d a97140 a98112 a108793 cCHAP04a634.421bL3200aLara Rodríguez, Eduardo Antonio.10aMarco de referencia del cultivo de guayaboc/por Eduardo Antonio Lara Rodriguez a[Zacatecas, Méx.] :bUniversidad Autónoma de Zacatecas, Dirección General de Investigación,c1988 a158 p. :bilus. aCuadernos de investigaciónv; 4414aFertilizantesxEfecto en guayaba.14aGuayabaxAspectos económicos.14aGuayabaxEfecto del medio ambiente.14aGuayabaxEnfermedades.14aGuayabaxInjertos.14aGuayabaxMercadeo.14aGuayabaxRendimiento.14aGuayabaxZacatecas.0 aCuadernos de investigaciónv; 44